| 000 | 02082cam a2200349Ii 4500 | ||
|---|---|---|---|
| 999 |
_c5471 _d5471 |
||
| 001 | on1017589467 | ||
| 003 | OCoLC | ||
| 005 | 20200831123328.0 | ||
| 008 | 180101t20182017nyu e d 001 0 eng d | ||
| 020 |
_a0062844903 _q(pbk.) |
||
| 020 |
_a9780062844903 _q(pbk.) |
||
| 035 | _a(OCoLC)1017589467 | ||
| 040 |
_aYDX _beng _erda _cTZ-ArACH |
||
| 049 | _aTZAA | ||
| 050 | 4 |
_aREF PC2640 _b.H23 2018 |
|
| 245 | 0 | 0 | _aCollins French dictionary. |
| 246 | 3 | 4 | _aCollins French concise dictionary |
| 250 | _aSeventh edition. | ||
| 260 |
_aNew York, NY : _bHarperCollins Publishers, _c2018. |
||
| 300 |
_axvii, 876, 254 pages ; _c20 cm |
||
| 500 | _aIncludes index. | ||
| 505 | 0 | _aIntroduction -- Abbreviations used in this dictionary -- Phonetic transcription -- French verbs -- Numbers -- The time -- The date -- French-English -- English-French -- Grammar. | |
| 520 | _a"A revised and updated seventh edition of the popular English-French dictionary, featuring more than 200,000 entries and translations as well as a comprehensive grammar section packed with helpful examples--the ultimate language reference for students, travelers, and business professionals. Up to the minute, the Collins French Concise Dictionary offers comprehensive coverage of today's language in a practical, user-friendly format. Inside you'll find more than 95,000 references and upwards of 135,000 translations, including the latest business, media, and French cultural terms, and the most complete guide to grammar available in a French dictionary. Comprehensive yet clear, modern, and easy to navigate, Collins French Concise Dictionary, 7th Edition contains all the information you'll need to write a paper, read a book, or tell a story."--Provided by publisher. | ||
| 650 | 0 |
_aFrench language _vDictionaries _xEnglish. |
|
| 650 | 0 |
_aEnglish language _vDictionaries _xFrench. |
|
| 650 | 0 |
_aFrench language _xGrammar. |
|
| 650 | 7 |
_aEnglish language. _2fast |
|
| 650 | 7 |
_aFrench language. _2fast |
|
| 650 | 7 |
_aFrench language _xGrammar. _2fast |
|
| 655 | 7 |
_aDictionaries. _2fast |
|
| 942 |
_2lcc _cBOOK |
||